000 00281nas a2200121Ia 4500
008 150201s2010 xx 000 0 und d
245 _aIndian Journal of Anesthesia
260 _c2010
310 _aBio-Monthly
500 _aNATIONAL
650 _aAnaesthesiology
942 _2ddc
_cLJ
999 _c6193
_d6193